Before the storm

Contents: Chapter 1: at the crossroads, the rest of the story, decision-making; chapter 2: the magic of acknowledging, messages from nature, reading presages.

Salvato in:
Dettagli Bibliografici
Autore principale: Uchida, Reiko
Natura: Libro
Lingua:Undetermined
Pubblicazione: Tokyo, Japan Reiko Uchida 1999
Soggetti:
Tags: Aggiungi Tag
Nessun Tag, puoi essere il primo ad aggiungerne! !
Thư viện lưu trữ: Trung tâm Học liệu Trường Đại học Cần Thơ
LEADER 00699nam a2200181Ia 4500
001 CTU_34043
008 210402s9999 xx 000 0 und d
082 |a 370.15 
082 |b U17 
100 |a Uchida, Reiko 
245 0 |a Before the storm 
245 0 |c Reiko Uchida ; Elon Satoru Simon translated by 
260 |a Tokyo, Japan 
260 |b Reiko Uchida 
260 |c 1999 
520 |a Contents: Chapter 1: at the crossroads, the rest of the story, decision-making; chapter 2: the magic of acknowledging, messages from nature, reading presages. 
650 |a Child psychology,Educaltional psychology,Home education,Psychology, applied 
980 |a Trung tâm Học liệu Trường Đại học Cần Thơ